| 000 | 00698nam a2200181 a 4500 | ||
|---|---|---|---|
| 003 | 0 | ||
| 005 | 20250508142825.0 | ||
| 008 | 090729s19uu xx 00 eng d | ||
| 050 |
_aPHS BF 698.9.C8 _b.Z46 2004 |
||
| 100 | _aZhang, Qi. | ||
| 245 |
_aComparison of beliefs, traits and values among the Chinese, Korean and Japanese high school students in SISC / _cZhang Qi. |
||
| 260 |
_aLas PiƱas City, Philippines : _bSouthville International School and Colleges, _c2004. |
||
| 300 |
_a45 pages : _billustrations ; _c28 cm. |
||
| 504 | _aIncludes bibliographical references. | ||
| 650 | _aCross-cultural studies. | ||
| 650 |
_aStudents, Foreign _zPhilippines _xSocial conditions. |
||
| 942 |
_2lcc _cPASS |
||
| 999 |
_c97173 _d97173 |
||